[Event "POL-chT 2nd League"]
[Site "Sypniewo"]
[Date "2021.09.04"]
[Round "1.11"]
[White "Bursa, Renata"]
[Black "Zarebska, Lena"]
[Result "1-0"]
[WhiteElo "1914"]
[BlackElo "1910"]
[PlyCount "185"]
[EventDate "2021.09.04"]
[EventType "team-swiss"]
[EventRounds "9"]
[EventCountry "POL"]
[SourceTitle "CBM 204 Extra"]
[Source "ChessBase"]
[SourceDate "2021.11.30"]
[SourceVersion "1"]
[SourceVersionDate "2021.11.30"]
[SourceQuality "1"]
[WhiteTeam "Bydgoszcz Wiartrak"]
[BlackTeam "Olsztyn Trzydziestka"]
[WhiteTeamCountry "POL"]
[BlackTeamCountry "POL"]

1. d4 Nf6 2. Nf3 c5 3. d5 b5 4. c4 b4 5. g3 d6 6. Bg2 g6 7. Bf4 Bg7 8. Qc1 h6 9. 0-0 g5 10. Be3 Bf5 11. h4 g4 12. Ne1 Nbd7 13. Bf4 Qb6 14. Nd2 a5 15. e4 Bg6 16. Nd3 Nh5 17. Be3 Ne5 18. Nxe5 Bxe5 19. Rb1 Qb7 20. Re1 Qd7 21. Nf1 Bg7 22. Nh2 Nf6 23. Bf4 h5 24. Qd2 0-0-0 25. Rbd1 Qb7 26. a3 Nd7 27. f3 Ne5 28. Bxe5 Bxe5 29. f4 Bd4+ 30. Kh1 Qa6 31. axb4 axb4 32. Ra1 Qb7 33. Ra5 Kc7 34. e5 Bf5 35. Nf1 Ra8 36. Rb5 Qa6 37. Rxb4 cxb4 38. Qxd4 Kb8 39. Ne3 Bd7 40. e6 Rd8 41. exd7 Rxd7 42. Qh8+ Kc7 43. Qxh5 Qa2 44. Nd1 Qxc4 45. Qxg4 Qd4 46. Qf5 Qd2 47. Qe4 Ra1 48. Bf3 f5 49. Qe3 Qc2 50. h5 Ra8 51. Qe2 Qc5 52. Ne3 Rf8 53. h6 Rf6 54. Nxf5 Rxf5 55. Bg4 Rf6 56. Bxd7 Rxh6+ 57. Kg2 Qxd5+ 58. Qe4 Qxe4+ 59. Rxe4 Kxd7 60. Rxb4 Rh8 61. Kf3 Ke6 62. g4 Rh3+ 63. Ke4 Rh1 64. Rb7 Rg1 65. Kf3 Rf1+ 66. Kg3 Rg1+ 67. Kh4 Kf6 68. b4 Rh1+ 69. Kg3 Rg1+ 70. Kf3 Rf1+ 71. Ke3 Re1+ 72. Kf2 Rb1 73. b5 Rb2+ 74. Ke3 Rb3+ 75. Ke4 Rb4+ 76. Kf3 Rb3+ 77. Kg2 e6 78. b6 d5 79. Rb8 Kg7 80. Kf2 Kh7 81. b7 Kg7 82. Ke2 Kh7 83. Kd2 Kg7 84. Kc2 Rb6 85. Kc3 Rb1 86. Kd4 Rb2 87. Kc5 Rb1 88. Kd6 d4 89. Kxe6 d3 90. Rd8 Rxb7 91. Rxd3 Rb6+ 92. Ke5 Rb7 93. Rd5 1-0

[Event "POL-chT3 Kujawsko Pomorskie 1011"]
[Site "Poland"]
[Date "2011.02.27"]
[Round "7.18"]
[White "Filipek, Halina"]
[Black "Bursa, Renata"]
[Result "0-1"]
[WhiteElo "1742"]
[BlackElo "1982"]
[PlyCount "96"]
[EventDate "2010.11.07"]
[EventType "team-tourn"]
[EventRounds "11"]
[EventCountry "POL"]
[SourceTitle "EXT 2019"]
[Source "ChessBase"]
[SourceDate "2018.10.10"]
[SourceVersion "1"]
[SourceVersionDate "2018.10.10"]
[SourceQuality "1"]

1. d4 d5 2. Nf3 e6 3. c4 c6 4. Qc2 Nf6 5. c5 Be7 6. Bf4 Nbd7 7. e3 b6 8. cxb6 Qxb6 9. Be2 0-0 10. 0-0 c5 11. Nc3 c4 12. Rfb1 Qc6 13. b3 Ba6 14. bxc4 Bxc4 15. Bxc4 Qxc4 16. Qb3 Nb6 17. Ne5 Qxb3 18. Rxb3 Rfc8 19. h3 Nh5 20. Bh2 Nc4 21. Nxc4 Rxc4 22. Ne2 Rc2 23. Kf1 Nf6 24. Rb8+ Rxb8 25. Bxb8 Nd7 26. Bg3 Ba3 27. Nf4 Nb6 28. Nd3 Nc4 29. Bb8 a6 30. Ba7 Kf8 31. Bc5+ Bxc5 32. Nxc5 a5 33. a4 Ke7 34. Ke1 Rb2 35. Kf1 Kd6 36. Nd3 Rd2 37. Nf4 g5 38. Ne2 Rb2 39. Nc3 Nb6 40. Ke1 f6 41. Rc1 Nc4 42. Ra1 h5 43. Nb5+ Kc6 44. Nc3 h4 45. Kf1 Rc2 46. Nb5 Nb2 47. Na7+ Kb6 48. Nb5 Nd3 0-1

[Event "POL-chT 2st League"]
[Site "Mrzezyno"]
[Date "2010.09.05"]
[Round "2.96"]
[White "Filipek, Halina"]
[Black "Bursa, Renata"]
[Result "1/2-1/2"]
[WhiteElo "1780"]
[BlackElo "1995"]
[PlyCount "63"]
[EventDate "2010.09.04"]
[EventType "team-swiss"]
[EventRounds "9"]
[EventCountry "POL"]
[SourceTitle "EXT 2019"]
[Source "ChessBase"]
[SourceDate "2018.10.10"]
[SourceVersion "1"]
[SourceVersionDate "2018.10.10"]
[SourceQuality "1"]
[WhiteTeam "Grudziadz Rotmistrz II"]
[BlackTeam "Klub Szachowy Torfarm 64"]
[WhiteTeamCountry "POL"]
[BlackTeamCountry "POL"]

1. d4 Nf6 2. Nf3 e6 3. Bf4 d5 4. e3 Be7 5. Be2 0-0 6. 0-0 Nbd7 7. h3 Ne4 8. Nbd2 Ndf6 9. c3 Bd7 10. Qc2 c5 11. Ne5 Rc8 12. Ndf3 Qe8 13. Nxd7 Qxd7 14. Rfd1 Qe8 15. Qb3 c4 16. Qc2 Bd6 17. Bxd6 Nxd6 18. Nd2 b5 19. Bf3 Qc6 20. Re1 Rb8 21. e4 dxe4 22. Nxe4 Ndxe4 23. Bxe4 Nxe4 24. Qxe4 Qxe4 25. Rxe4 b4 26. Re5 Rfc8 27. Re2 bxc3 28. bxc3 Rb5 29. Rc1 Rcb8 30. Rcc2 Kf8 31. g3 Ke7 32. Kg2 1/2-1/2

[Event "Warsaw Najdorf Memorial op-B"]
[Site "Warsaw"]
[Date "2010.07.23"]
[Round "8"]
[White "Gluszko, Monika"]
[Black "Bursa, Renata"]
[Result "1/2-1/2"]
[WhiteElo "2004"]
[BlackElo "2014"]
[PlyCount "133"]
[EventDate "2010.07.17"]
[EventType "swiss"]
[EventRounds "9"]
[EventCountry "POL"]
[SourceTitle "CBM 137 Extra"]
[Source "ChessBase"]
[SourceDate "2010.09.01"]
[SourceVersion "1"]
[SourceVersionDate "2010.09.01"]
[SourceQuality "1"]

1. e4 c5 2. Nf3 d6 3. d4 cxd4 4. Qxd4 Nc6 5. Bb5 Bd7 6. Bxc6 Bxc6 7. Nc3 Nf6 8. Bg5 e6 9. 0-0-0 Be7 10. Rhe1 0-0 11. Kb1 Rc8 12. Qd2 b5 13. Bxf6 Bxf6 14. Qxd6 Qa5 15. Nd4 b4 16. Nxc6 Rxc6 17. Qxc6 bxc3 18. e5 Bxe5 19. Rxe5 Qxe5 20. Qxc3 Qxh2 21. Qf3 Qe5 22. Qd3 h5 23. Qd4 Qg5 24. g3 a5 25. b3 Rc8 26. Kb2 Qf5 27. Rd3 Rc5 28. Rc3 Rd5 29. Qe3 Qf6 30. f4 g5 31. a4 gxf4 32. Qxf4 Rf5 33. Qe3 Kg7 34. Ka2 Rf1 35. Qc5 Rf5 36. Qc6 Kh6 37. Rd3 Rf1 38. Qc3 Qxc3 39. Rxc3 Rf5 40. Rc8 Rg5 41. c4 e5 42. c5 e4 43. c6 Rc5 44. c7 Kg7 45. Kb2 Kf6 46. Re8 Rxc7 47. Rxe4 Kf5 48. Rf4+ Ke6 49. b4 axb4 50. Rxb4 Rc5 51. Rb6+ Ke5 52. Rb5 Rxb5+ 53. axb5 Kd5 54. Kc3 Kc5 55. Kd3 Kxb5 56. Kd4 Kc6 57. Ke5 Kd7 58. Kf6 Ke8 59. Kg5 Kf8 60. Kxh5 Kg7 61. Kg5 f6+ 62. Kf5 Kf7 63. g4 Kg7 64. Ke4 Kg6 65. Kf4 Kg7 66. Kf5 Kf7 67. g5 1/2-1/2

[Event "Warsaw Najdorf Memorial op-B"]
[Site "Warsaw"]
[Date "2010.07.18"]
[Round "3"]
[White "Bursa, Renata"]
[Black "Kuciel, Wladyslaw"]
[Result "0-1"]
[WhiteElo "2014"]
[BlackElo "2088"]
[PlyCount "56"]
[EventDate "2010.07.17"]
[EventType "swiss"]
[EventRounds "9"]
[EventCountry "POL"]
[SourceTitle "CBM 137 Extra"]
[Source "ChessBase"]
[SourceDate "2010.09.01"]
[SourceVersion "1"]
[SourceVersionDate "2010.09.01"]
[SourceQuality "1"]

1. e4 c5 2. Nf3 d6 3. g3 Nc6 4. Bg2 Nf6 5. d3 g6 6. 0-0 Bg7 7. c3 0-0 8. Re1 e5 9. Nbd2 d5 10. exd5 Nxd5 11. Nb3 b6 12. c4 Nc7 13. Nbd2 Qxd3 14. Ne4 Qxd1 15. Rxd1 Ba6 16. Rd6 Na5 17. b3 f5 18. Bb2 fxe4 19. Ng5 Rad8 20. Rad1 Nc6 21. Bxe4 Nd4 22. Rxd8 Rxd8 23. Re1 Bc8 24. Nf3 Nxf3+ 25. Bxf3 e4 26. Bxg7 exf3 27. Bf6 Rd2 28. h4 Ne6 0-1

[Event "Torun-Bydgoszcz"]
[Site "Torun"]
[Date "2009.12.13"]
[Round "?.22"]
[White "Bursa, Renata"]
[Black "Rant, Izabela"]
[Result "1/2-1/2"]
[WhiteElo "2000"]
[BlackElo "1874"]
[PlyCount "118"]
[EventDate "2009.12.13"]
[EventType "team-match"]
[EventRounds "1"]
[EventCountry "POL"]
[SourceTitle "EXT 2018"]
[Source "ChessBase"]
[SourceDate "2017.10.13"]
[SourceVersion "1"]
[SourceVersionDate "2017.10.13"]
[SourceQuality "1"]

1. d4 d5 2. Nf3 Nf6 3. c4 dxc4 4. Nc3 e6 5. e3 c5 6. Bxc4 a6 7. a4 Nc6 8. 0-0 Be7 9. d5 exd5 10. Nxd5 0-0 11. Re1 Bf5 12. e4 Nxe4 13. Nxe7+ Nxe7 14. Qxd8 Raxd8 15. Nh4 Rd4 16. b3 Nd6 17. Nf3 Re4 18. Ba3 Rc8 19. Ne5 Ng6 20. Rxe4 Bxe4 21. Nd7 b5 22. axb5 axb5 23. Be2 Nf4 24. Bg4 f5 25. Bd1 Nb7 26. f3 Bd3 27. Rc1 c4 28. bxc4 bxc4 29. Ne5 Na5 30. g3 Ne2+ 31. Bxe2 Bxe2 32. Kf2 Re8 33. Bb2 Nb3 34. Re1 c3 35. Bxc3 Ba6 36. Rd1 Nc5 37. Rd6 Bc8 38. Rd5 Ne6 39. Ra5 f4 40. Ra7 Rd8 41. Re7 Kf8 42. Ra7 Kg8 43. Nc6 Rd7 44. Ne7+ Kf8 45. Nxc8 Rxa7 46. Nxa7 fxg3+ 47. hxg3 Kf7 48. Nb5 h6 49. Nd4 Nc5 50. f4 Ne4+ 51. Ke3 Nxc3 52. g4 Kf6 53. Nf3 g5 54. f5 Nd5+ 55. Ke4 Nf4 56. Nd2 h5 57. gxh5 Nxh5 58. Nf1 g4 59. Ne3 Kg5 1/2-1/2

[Event "Chojnice op"]
[Site "Chojnice"]
[Date "2009.07.15"]
[Round "7"]
[White "Gorski, Leszek"]
[Black "Bursa, Renata"]
[Result "1/2-1/2"]
[WhiteElo "2109"]
[BlackElo "2031"]
[PlyCount "83"]
[EventDate "2009.07.11"]
[EventType "swiss"]
[EventRounds "9"]
[EventCountry "POL"]
[SourceTitle "CBM 131 Extra"]
[Source "ChessBase"]
[SourceDate "2009.09.03"]
[SourceVersion "2"]
[SourceVersionDate "2009.09.16"]
[SourceQuality "1"]

1. Nf3 d5 2. d4 Nf6 3. c4 e6 4. Nc3 Nbd7 5. Bg5 c6 6. e3 Qa5 7. Bxf6 Nxf6 8. a3 Ne4 9. Rc1 Nxc3 10. Rxc3 Bxa3 11. Nd2 Bxb2 12. Rc2 Bc3 13. Qc1 Bb4 14. Be2 0-0 15. 0-0 Bd7 16. Nb3 Qd8 17. c5 a5 18. f4 a4 19. Nd2 b5 20. cxb6 Qxb6 21. Nf3 f6 22. g4 a3 23. g5 a2 24. Qb2 c5 25. gxf6 gxf6 26. Bd3 Rf7 27. Ra1 c4 28. Bf1 Be8 29. Rxa2 Rxa2 30. Qxa2 Ra7 31. Rg2+ Kh8 32. Qf2 Bf8 33. Qh4 Bg7 34. Qh3 Ra1 35. Qg4 Bg6 36. Nh4 Qb1 37. Nxg6+ hxg6 38. Qh3+ Kg8 39. Qxe6+ Kh7 40. Qh3+ Kg8 41. Qe6+ Kh7 42. Qh3+ 1/2-1/2